[Event "Capablanca Memorial op 53rd"]
[Site "Havana"]
[Date "2018.05.13"]
[Round "5"]
[White "Llaudy Pupo, Lisandra"]
[Black "Becquer Valdes, Alain"]
[Result "1-0"]
[WhiteElo "2320"]
[BlackElo "2146"]
[PlyCount "85"]
[EventDate "2018.05.09"]
[EventType "swiss"]
[EventRounds "10"]
[EventCountry "CUB"]
[SourceTitle "EXT 2021"]
[Source "ChessBase"]
[SourceDate "2020.10.23"]
[SourceVersion "1"]
[SourceVersionDate "2020.10.23"]
[SourceQuality "1"]

1. e4 c5 2. Nf3 e6 3. d4 cxd4 4. Nxd4 a6 5. Bd3 g6 6. 0-0 Bg7 7. Nf3 Nc6 8. c4 Nge7 9. Nc3 0-0 10. Bg5 f6 11. Be3 Qc7 12. Na4 f5 13. Bb6 Qf4 14. g3 Qg4 15. exf5 Nxf5 16. Be2 Nfe7 17. Nd2 Qf5 18. Bg4 Qf7 19. Ne4 Nf5 20. Bc5 d6 21. Nxd6 Nxd6 22. Bxd6 Rd8 23. c5 b5 24. Nb6 Ra7 25. Nxc8 Rxc8 26. Re1 Nd4 27. Re4 Nf5 28. Qe2 h5 29. Bh3 Kh7 30. Rd1 Rc6 31. Bxf5 exf5 32. Re8 a5 33. Rb8 b4 34. Qf3 Rca6 35. c6 Qc4 36. Rb7 Ra8 37. Be5 Rg8 38. Rdd7 Qc1+ 39. Kg2 Qxc6 40. Rxg7+ Rxg7 41. Rxg7+ Kh6 42. Qxc6 Rxc6 43. Rc7 1-0

[Event "Capablanca Memorial op 53rd"]
[Site "Havana"]
[Date "2018.05.12"]
[Round "4"]
[White "Becquer Valdes, Alain"]
[Black "Ordaz Valdes, Lisandra Teresa"]
[Result "0-1"]
[WhiteElo "2146"]
[BlackElo "2414"]
[PlyCount "122"]
[EventDate "2018.05.09"]
[EventType "swiss"]
[EventRounds "10"]
[EventCountry "CUB"]
[SourceTitle "EXT 2021"]
[Source "ChessBase"]
[SourceDate "2020.10.23"]
[SourceVersion "1"]
[SourceVersionDate "2020.10.23"]
[SourceQuality "1"]

1. e4 e5 2. Nc3 Nf6 3. g3 Bc5 4. Bg2 Nc6 5. Nf3 d6 6. d3 h6 7. 0-0 0-0 8. Na4 Bb6 9. Nxb6 axb6 10. Nh4 d5 11. f3 Ne7 12. Qe1 Qd6 13. g4 dxe4 14. dxe4 Qc5+ 15. Rf2 Ng6 16. Nf5 Bxf5 17. gxf5 Nf4 18. Be3 Qc6 19. Bxf4 exf4 20. Bf1 Nd7 21. Qd2 g5 22. fxg6 fxg6 23. Qd5+ Qxd5 24. exd5 Ne5 25. Re1 Rfe8 26. Kg2 Kg7 27. a3 g5 28. Re4 Rad8 29. Rd2 Nf7 30. Rxe8 Rxe8 31. c4 Re3 32. Rd3 Ne5 33. Rxe3 fxe3 34. b4 Ng6 35. Be2 Nf4+ 36. Kf1 Kf6 37. Bd1 Ke5 38. Be2 Kd4 39. Ke1 Kc3 40. Kd1 Kb3 41. Bf1 h5 42. c5 bxc5 43. bxc5 Nxd5 44. Ke2 Kc3 45. h4 Kd4 46. hxg5 Nf4+ 47. Ke1 h4 48. c6 b6 49. Bh3 Ke5 50. Bd7 h3 51. Bxh3 Nxh3 52. g6 Kf6 53. Ke2 Kxg6 54. Kxe3 Kf5 55. Kd4 Ng5 56. Kd5 Nxf3 57. a4 Ne5 58. a5 bxa5 59. Kc5 Ke4 60. Kb5 Kd5 61. Kxa5 Kxc6 0-1

[Event "Capablanca Memorial op 53rd"]
[Site "Havana"]
[Date "2018.05.10"]
[Round "2"]
[White "Becquer Valdes, Alain"]
[Black "Vargas Rodriguez, Wilver"]
[Result "1-0"]
[WhiteElo "2146"]
[BlackElo "2294"]
[PlyCount "47"]
[EventDate "2018.05.09"]
[EventType "swiss"]
[EventRounds "10"]
[EventCountry "CUB"]
[SourceTitle "EXT 2019"]
[Source "ChessBase"]
[SourceDate "2018.10.10"]
[SourceVersion "1"]
[SourceVersionDate "2018.10.10"]
[SourceQuality "1"]

1. e4 e6 2. d4 d5 3. e5 c5 4. c3 Nc6 5. Nf3 Bd7 6. dxc5 Bxc5 7. Bd3 Qc7 8. Qe2 Nge7 9. Bf4 f5 10. b4 Ng6 11. Bg3 Bb6 12. h4 Nge7 13. h5 a6 14. Nbd2 0-0 15. h6 g6 16. Bh4 Rfe8 17. Bf6 d4 18. c4 Nxb4 19. Ng5 Nec6 20. Nxh7 Nxd3+ 21. Qxd3 Nxe5 22. Qg3 f4 23. Ng5 Re7 24. h7+ 1-0

[Event "Havana Province-ch sf Fase 1"]
[Site "Havana"]
[Date "2010.05.16"]
[Round "8"]
[White "Becquer Valdes, Alain"]
[Black "Pino Perez, Lazaro"]
[Result "1/2-1/2"]
[WhiteElo "2195"]
[BlackElo "2079"]
[PlyCount "41"]
[EventDate "2010.05.05"]
[EventType "swiss"]
[EventRounds "9"]
[EventCountry "CUB"]
[EventCategory "1"]
[SourceTitle "EXT 2019"]
[Source "ChessBase"]
[SourceDate "2018.10.10"]
[SourceVersion "1"]
[SourceVersionDate "2018.10.10"]
[SourceQuality "1"]

1. d4 d5 2. c4 dxc4 3. e4 Nf6 4. e5 Nd5 5. Bxc4 Nb6 6. Bb3 Nc6 7. Nf3 Bg4 8. h3 Bf5 9. Nc3 Nb4 10. 0-0 e6 11. a3 N4d5 12. Bg5 Be7 13. Bxe7 Nxe7 14. Qe2 0-0 15. Rac1 a5 16. Bc2 a4 17. Rfd1 Re8 18. Ng5 h6 19. Nge4 Nc6 20. Qe3 Qh4 21. Bd3 1/2-1/2

[Event "Havana Province-ch sf Fase 1"]
[Site "Havana"]
[Date "2010.05.10"]
[Round "4"]
[White "Becquer Valdes, Alain"]
[Black "Leon Valdes, Jony Wilson"]
[Result "1/2-1/2"]
[WhiteElo "2195"]
[BlackElo "2128"]
[PlyCount "40"]
[EventDate "2010.05.05"]
[EventType "swiss"]
[EventRounds "9"]
[EventCountry "CUB"]
[EventCategory "1"]
[SourceTitle "EXT 2019"]
[Source "ChessBase"]
[SourceDate "2018.10.10"]
[SourceVersion "1"]
[SourceVersionDate "2018.10.10"]
[SourceQuality "1"]

1. e4 e6 2. d4 d5 3. Nd2 c5 4. exd5 Qxd5 5. Ngf3 cxd4 6. Bc4 Qd6 7. 0-0 Nf6 8. Nb3 Nc6 9. Nbxd4 Nxd4 10. Nxd4 a6 11. Bb3 Qc7 12. Qf3 Bd6 13. Kh1 Be5 14. c3 Bd7 15. Bg5 h6 16. Bh4 Bxd4 17. cxd4 Bc6 18. Qg3 Qxg3 19. Bxg3 Bd5 20. Bxd5 Nxd5 1/2-1/2

[Event "Havana Municipal-ch 12th"]
[Site "Havana"]
[Date "2009.09.26"]
[Round "9"]
[White "Hernandez Reyes, Venus"]
[Black "Becquer Valdes, Alain"]
[Result "1/2-1/2"]
[WhiteElo "2106"]
[BlackElo "2194"]
[PlyCount "22"]
[EventDate "2009.09.15"]
[EventType "swiss"]
[EventRounds "11"]
[EventCountry "CUB"]
[EventCategory "1"]
[SourceTitle "EXT 2012"]
[Source "ChessBase"]
[SourceDate "2011.11.24"]
[SourceVersion "1"]
[SourceVersionDate "2011.11.24"]
[SourceQuality "1"]

1. e4 c6 2. d4 d5 3. Nc3 dxe4 4. Nxe4 Bf5 5. Ng3 Bg6 6. N1e2 Nf6 7. h4 h6 8. Nf4 Bh7 9. Bc4 e6 10. 0-0 Be7 11. c3 0-0 1/2-1/2

[Event "Havana Province-ch sf"]
[Site "Havana"]
[Date "2009.07.31"]
[Round "6"]
[White "Becquer Valdes, Alain"]
[Black "Fuentes Garcia, Diosbel Enrique"]
[Result "0-1"]
[WhiteElo "2178"]
[BlackElo "2073"]
[PlyCount "82"]
[EventDate "2009.07.23"]
[EventType "swiss"]
[EventRounds "9"]
[EventCountry "CUB"]
[EventCategory "1"]
[SourceTitle "EXT 2018"]
[Source "ChessBase"]
[SourceDate "2017.10.13"]
[SourceVersion "1"]
[SourceVersionDate "2017.10.13"]
[SourceQuality "1"]

1. e4 d5 2. exd5 Qxd5 3. Nc3 Qd6 4. d4 Nf6 5. Bc4 a6 6. Nge2 Bg4 7. h3 Bh5 8. 0-0 Nc6 9. Be3 0-0-0 10. Qc1 e6 11. a3 e5 12. dxe5 Nxe5 13. Bb3 Qd7 14. Ng3 Bd6 15. Bg5 Nf3+ 16. Kh1 Nxg5 17. Qxg5 Bg6 18. Rad1 Qc6 19. Nf5 h6 20. Rxd6 cxd6 21. Ne7+ Kc7 22. Qa5+ b6 23. Qxa6 Ra8 24. Qe2 Qd7 25. Rd1 Ra5 26. Ncd5+ Nxd5 27. Nxd5+ Kb7 28. Qe3 Qc6 29. Qf4 Re8 30. Nb4 Qc7 31. Rxd6 Re1+ 32. Kh2 Re4 33. Qd2 Re2 34. Qd4 Rxf2 35. Kg1 Raf5 36. Bd5+ Kc8 37. Bf3 R2xf3 38. gxf3 Rc5 39. Na6 Rg5+ 40. Kh1 Bh5 41. Kh2 Qxc2+ 0-1

[Event "Havana Province-ch sf"]
[Site "Havana"]
[Date "2009.07.29"]
[Round "4"]
[White "Becquer Valdes, Alain"]
[Black "Lopez Vilier, Luis Angel"]
[Result "0-1"]
[WhiteElo "2178"]
[BlackElo "2243"]
[PlyCount "60"]
[EventDate "2009.07.23"]
[EventType "swiss"]
[EventRounds "9"]
[EventCountry "CUB"]
[EventCategory "1"]
[SourceTitle "EXT 2018"]
[Source "ChessBase"]
[SourceDate "2017.10.13"]
[SourceVersion "1"]
[SourceVersionDate "2017.10.13"]
[SourceQuality "1"]

1. e4 d6 2. d4 Nf6 3. Nc3 g6 4. Nf3 Bg7 5. h3 0-0 6. Be3 a6 7. a4 b6 8. Bc4 e6 9. d5 exd5 10. exd5 Bb7 11. 0-0 Re8 12. Bb3 Nbd7 13. Nd4 Ne4 14. Nxe4 Rxe4 15. Nc6 Qh4 16. c3 Ree8 17. Qd2 Nc5 18. Bc2 Ne4 19. Qe2 Nf6 20. Qf3 Qc4 21. b3 Qxd5 22. Nd4 Qxf3 23. Nxf3 Nd5 24. Bd4 Nxc3 25. Bxg7 Kxg7 26. Rfe1 c5 27. Nd2 d5 28. f3 a5 29. Kf2 Ba6 30. Rac1 Na2 0-1

[Event "Havana Province-ch sf"]
[Site "Havana"]
[Date "2009.07.24"]
[Round "2"]
[White "Becquer Valdes, Alain"]
[Black "Martinez Cabrera, Pastor"]
[Result "1/2-1/2"]
[WhiteElo "2178"]
[BlackElo "2139"]
[PlyCount "45"]
[EventDate "2009.07.23"]
[EventType "swiss"]
[EventRounds "9"]
[EventCountry "CUB"]
[EventCategory "1"]
[SourceTitle "EXT 2018"]
[Source "ChessBase"]
[SourceDate "2017.10.13"]
[SourceVersion "1"]
[SourceVersionDate "2017.10.13"]
[SourceQuality "1"]

1. e4 e6 2. d4 d5 3. exd5 exd5 4. Nf3 Bd6 5. Bd3 Ne7 6. 0-0 Bf5 7. Bxf5 Nxf5 8. Re1+ Ne7 9. Nc3 c6 10. Ne2 Qc7 11. g3 0-0 12. Bf4 Nd7 13. Bxd6 Qxd6 14. Nf4 Rae8 15. Qd3 Ng6 16. Nxg6 Qxg6 17. Qxg6 hxg6 18. Rxe8 Rxe8 19. Re1 Rxe1+ 20. Nxe1 f5 21. Kg2 Kf7 22. Nd3 Kf6 23. f4 1/2-1/2

[Event "Havana Guevara Memorial 1st"]
[Site "Havana"]
[Date "2007.06.14"]
[Round "10"]
[White "Becquer Valdes, Alain"]
[Black "Larrua Gonzalez, Fernando Oscar"]
[Result "0-1"]
[WhiteElo "2204"]
[BlackElo "2245"]
[PlyCount "104"]
[EventDate "2007.06.04"]
[EventType "tourn"]
[EventRounds "11"]
[EventCountry "CUB"]
[SourceTitle "EXT 2019"]
[Source "ChessBase"]
[SourceDate "2018.10.10"]
[SourceVersion "1"]
[SourceVersionDate "2018.10.10"]
[SourceQuality "1"]

1. e4 e5 2. Nf3 Nc6 3. Bb5 a6 4. Ba4 Nf6 5. 0-0 b5 6. Bb3 Be7 7. Re1 d6 8. h3 0-0 9. c3 Bb7 10. d4 Re8 11. Nbd2 h6 12. Nf1 Bf8 13. Ng3 Na5 14. Bc2 Nc4 15. b3 Nb6 16. Bb2 Nbd7 17. Qd3 c6 18. Rad1 Qc7 19. Qf1 c5 20. d5 c4 21. b4 a5 22. a3 Nb6 23. Re3 g6 24. Nh2 Bg7 25. Kh1 axb4 26. cxb4 Nbxd5 27. exd5 Nxd5 28. Ree1 Nf4 29. f3 d5 30. Bc1 f5 31. Bxf4 exf4 32. Rxe8+ Rxe8 33. Ne2 Re3 34. a4 bxa4 35. Bxa4 g5 36. Qf2 Qe7 37. Ng1 d4 38. Nf1 Ra3 39. Bb5 Qxb4 40. Bd7 Qc5 41. Qc2 Bc8 42. Bxc8 Qxc8 43. Nd2 Rc3 44. Qa4 Qe6 45. Rb1 Kh7 46. Qa7 Rc2 47. Rb7 Qe5 48. Re7 Qf6 49. Nb1 d3 50. Qd7 Rc1 51. Re6 Qd4 52. Qxd4 Bxd4 0-1

[Event "Havana-ch sf region"]
[Site "Havana"]
[Date "1998.??.??"]
[Round "?"]
[White "Becquer Valdes, Alain"]
[Black "Alvarez, Roberto Gabriel"]
[Result "0-1"]
[WhiteElo "2235"]
[BlackElo "2200"]
[PlyCount "58"]
[EventDate "1998.??.??"]
[EventType "swiss"]
[EventRounds "9"]
[EventCountry "CUB"]
[SourceTitle "EXT 2003"]
[Source "ChessBase"]
[SourceDate "2002.11.25"]
[SourceVersion "1"]
[SourceVersionDate "2002.11.25"]
[SourceQuality "1"]

1. e4 c5 2. f4 e6 3. Nc3 d5 4. exd5 exd5 5. Bb5+ Nc6 6. Nf3 Nf6 7. 0-0 Be7 8. d3 0-0 9. Bxc6 bxc6 10. Ne2 c4 11. dxc4 Ba6 12. Ne5 Bc5+ 13. Kh1 Ne4 14. Nd4 Qh4 15. Kg1 f6 16. Nexc6 Bxc4 17. Rf3 Rac8 18. b4 Bb6 19. Ne7+ Kh8 20. Be3 Rce8 21. Rh3 Qxh3 22. gxh3 Rxe7 23. Nf5 Nc3 24. Qf3 Rxe3 25. Nxe3 Be2 26. Qg3 Re8 27. Kg2 Rxe3 28. Qh4 Bf3+ 29. Kf2 Ne4+ 0-1

[Event "Havana-ch sf region"]
[Site "Havana"]
[Date "1998.??.??"]
[Round "?"]
[White "Pulido Alvarez, Ariel"]
[Black "Becquer Valdes, Alain"]
[Result "1/2-1/2"]
[WhiteElo "2190"]
[BlackElo "2235"]
[PlyCount "36"]
[EventDate "1998.??.??"]
[EventType "swiss"]
[EventRounds "9"]
[EventCountry "CUB"]
[SourceTitle "EXT 2003"]
[Source "ChessBase"]
[SourceDate "2002.11.25"]
[SourceVersion "1"]
[SourceVersionDate "2002.11.25"]
[SourceQuality "1"]

1. e4 c5 2. c3 e6 3. d4 cxd4 4. cxd4 Nf6 5. Nc3 d6 6. Nf3 Be7 7. Bd3 0-0 8. 0-0 Nc6 9. Re1 e5 10. d5 Nb8 11. Ne2 Nh5 12. Nc3 g6 13. Bh6 Ng7 14. Rc1 f5 15. Nb5 Na6 16. Bxg7 Kxg7 17. Rc2 Bd7 18. Qe2 Nc5 1/2-1/2